000 00284cam a22000977a 4500
008 180718b1976 xxu||||| |||| 00| 0 eng d
082 _aL8x5452/M267/2
245 _aThe Madras account code, vol.2
260 _aTamil Nadu
_bThe Director of Stationery and Printing
_c1976
300 _a147+p.
999 _c500637
_d500637